Statistiken für Trikotsponsoren Bayern München

Klicken Sie hier um das Quiz zu spielen!

Allgemein

  • Dieses Quiz wurde 257 mal gespielt
  • Das Durchschnittsergebnis liegt bei 3 aus 5

Antwortstatistiken

JahreSponsor% Korrekt
2002-Deutsche Telekom
93%
1989-2002Opel
72%
1974-1978Adidas
43%
1978-1984Magirus Deutz
bzw. Iveco
34%
1984-89Commodore
32%

Verteilung der Resultate

Perzentil nach korrekt beantworteten Fragen

Anzahl Personen mit jedem Resultat

Ihre Resultats-Entwicklung

Sie haben dieses Quiz noch nicht gespielt